|
|
|
|
| LEADER |
00000nam a22000007a 4500 |
| 005 |
2020123107497.0 |
| 007 |
cr|||| |||| |
| 008 |
201231s2014 br |||||s|||| 00||0 por d |
| 020 |
|
|
|a 978-85-8248-029-8
|
| 035 |
|
|
|a 32487
|
| 040 |
|
|
|a vLex
|
| 090 |
|
|
|c 11037
|d 11037
|
| 100 |
1 |
|
|a Rodrigues de Toledo, Iara
|
| 245 |
1 |
0 |
|a Estudos Acerca do Princp̕io da Afetividade no Direito das Faml̕ias
|h [Recurso electrn̤ico] /
|c Iara Rodrigues de Toledo, Sarah Caroline de Deus Pereira, Daiane Cristina da Silva Mendes
|
| 256 |
|
|
|a Servicio en ln̕ea
|
| 260 |
|
|
|a San Pablo:
|b Letras Jurídicas Editora,
|c 2014
|
| 300 |
|
|
|a 1 recurso electrn̤ico
|
| 500 |
|
|
|a Apraz-nos trazer ̉lume os primorosos estudos sobre a Afetividade de autoria de notv̀eis juristas, mestres e mestrandos, quer do Centro Universitr̀io Eurp̕ides de Marl̕ia- UNIVEM, quer de outras ilustres Instituiė̳s convidadas, que lhe outorgam natureza jurd̕ica de novel Princp̕io Jurd̕ico estruturador do Direito das Faml̕ias, conquanto estruturado como implc̕ito na Constituiȯ̂ Federal vigente no Capt̕ulo VII da Ordem Social,intitulado Da Faml̕ia, da Crianȧ, do Adolescente e do Idoso, que a modo exemplificativo, se destacam os arts.227ʹ 6ð que regra a igualdade entre os filhos qualquer que seja a sua origem e a adoȯ̂ como escolha afetiva a justificar o plano da igualdade dos direitos (arts.227ʹʹ 5ð e 6ð), firmes na compreensibilidade de que em face da existn̊cia ou enquanto existir a affectio h ̀faml̕ia.
|
| 506 |
1 |
|
|a Disponible solo en los productos indicados
|d vLex Global
|d vLex Global (Academic Edition, excluding Law Schools)
|d vLex Global (U.S. Academic Edition, Law Schools)
|d vLex Global (U.S. Academic Edition, excluding Law Schools)
|d vLex Global (Academic Edition, Law Schools)
|
| 650 |
0 |
4 |
|a Familia y Sucesiones
|z Brasil
|
| 700 |
1 |
|
|a Deus Pereira, Sarah Caroline de
|
| 700 |
1 |
|
|a da Silva Mendes, Daiane Cristina
|
| 740 |
0 |
|
|a vLex Libros (Servicio en ln̕ea)
|
| 856 |
4 |
0 |
|u http://vlex.com/source/estudos-acerca-do-principio-da-afetividade-no-direito-das-familias-32487
|z Acceso restringido
|
| 942 |
|
|
|c BOOK
|
| 999 |
0 |
|
|a Family and Successions
|